000
00301nam a22001337a 4500
008
170622b xxu||||| |||| 00| 0 eng d
020
_a
9780070544093
041
_a
eng
080
_a
328
100
_a
21
101
_a
SHP
245
_a
STATE AND LOCAL GONVERNMET
_c
SAFFELL.D.C
942
_2
udc
_c
BK
999
_c
18751
_d
18751